000 00353nam a2200145Ia 4500
008 230711s9999||||xx |||||||||||||| ||und||
041 _aENG
082 _a800
_bGU-M
100 _aGujral,I.K
245 0 _aMatters of discretion
260 _c2011
_aNew Delhi
_bHay House Publishers India Pvt. Ltd.
300 _a519
650 _aLiterature
942 _cBK
999 _c5255
_d5255